Statistics for NBA Players Names Without Vowels

Click here to take the quiz!

General Stats

  • This quiz has been taken 475 times
  • The average score is 8 of 12

Answer Stats

ConsonantsNBA Player% Correct
LllrdDamian Lillard
96%
NwtzkDirk Nowitzki
95%
JmsLeBron James
95%
PrkrTony Parker
90%
NthnyCarmelo Anthony
89%
GrgPaul George
59%
GrnDraymond Green
53%
LvnZach LaVine
53%
CsnsDeMarcus Cousins
44%
PlChris Paul
39%
MrtcNikola Mirotic
36%
BkSerge Ibaka
5%

Score Distribution

Percentile by Number Answered

Percent of People with Each Score

Your Score History

You have not taken this quiz